Cervantina (23 abril 1958) (Record no. 2425)

MARC details
000 -CABECERA
campo de control de longitud fija 00868nam a2200241 a 4500
001 - NÚMERO DE CONTROL
campo de control BRCA_2685
005 - FECHA Y HORA DE LA ÚLTIMA TRANSACCIÓN
campo de control 20190320203925.0
008 - DATOS DE LONGITUD FIJA--INFORMACIÓN GENERAL
campo de control de longitud fija 021208s1958----sp-a---###---#000-0#spa-u
041 ## - CÓDIGO DE LENGUA
Código de lengua del texto/banda sonora o título independiente spa
044 ## - CÓDIGO DEL PAÍS DE LA ENTIDAD EDITORA/PRODUCTORA
Código MARC del país sp
050 #4 - SIGNATURA TOPOGRÁFICA DE LA BIBLIOTECA DEL CONGRESO
Número de clasificación PQ6338
Número de documento/Ítem .V56 1
-- 1958
100 1# - ENTRADA PRINCIPAL--NOMBRE DE PERSONA
Nombre de persona Vindel, Francisco
9 (RLIN) 7608
245 10 - MENCIÓN DE TÍTULO
Título Cervantina (23 abril 1958)
Resto del título In Memoriam. Don Alfredo Ramírez Tomé, iniciador del Día de Cervantes ; noticias inéditas sobre la primera edición académica del Quijote de 1780 ; La Quijotitis, cáncer literario incurable
Mención de responsabilidad, etc. Francisco Vindel.
260 ## - PUBLICACIÓN, DISTRIBUCIÓN, ETC.
Lugar de publicación, distribución, etc. Madrid
Nombre del editor, distribuidor, etc. Francisco Vindel
Fecha de publicación, distribución, etc. 1958
300 ## - DESCRIPCIÓN FÍSICA
Extensión 30 p.
Otras características físicas il.
Dimensiones 25 cm.
500 ## - NOTA GENERAL
Nota general Ejemplar numerado 88 de 225
500 ## - NOTA GENERAL
Nota general Ejemplar igual a AA75
500 ## - NOTA GENERAL
Nota general AA42
600 14 - PUNTO DE ACCESO ADICIONAL DE MATERIA--NOMBRE DE PERSONA
Nombre de persona Cervantes Saavedra, Miguel de
Fechas asociadas al nombre 1547-1616
9 (RLIN) 213
600 14 - PUNTO DE ACCESO ADICIONAL DE MATERIA--NOMBRE DE PERSONA
Nombre de persona Ramírez Tomé, Alfredo
9 (RLIN) 7609
902 ## - CATALOGADOR
Iniciales GFM
942 ## - ELEMENTOS DE PUNTO DE ACCESO ADICIONAL (KOHA)
Fuente del sistema de clasificación o colocación Library of Congress Classification
Tipo de ítem Koha Libros
Holdings
Estado de retiro Estado de pérdida Estado dañado No para préstamo Localización permanente Ubicación/localización actual Fecha de adquisición Número de inventario Total de préstamos Signatura topográfica completa Código de barras Fecha visto por última vez Precio válido a partir de Tipo de ítem Koha
El ejemplar forma parte de la colección y puede ser consultado según las políticas vigentes.       Biblioteca del Museo Franz Mayer (Rogerio Casas-Alatriste) Biblioteca del Museo Franz Mayer (Rogerio Casas-Alatriste) 02/12/2008 AA42   PQ6338 .V56 1 1958 (AA42) 2682 22/03/2019 22/03/2019 Libros